00820nam a2200217Ia 4500003000900000008004100009020001800050040001600068080001600084111004700100245023600147260003700383300001500420490004000435650001600475650002400491650001900515700002300534700002000557700002500577IN-BaIIA211028s9999 xx 000 0 eng d a0-7923-4820-4 cIIA Library a523.62bTHE aISSI workshopcSwitzerlandd1995 Nov. 6-10 4aThe heliosphere in the local interstellar mediumbproceedings of the first ISSI workshop held in Bern, Switzerland, 6-10 November 1995cedited by R. Von Steiger, R. Lallement and M. A. Lee  aDordrechtbKluwer Academicc1996 axiv, 398p. aSpace science series of ISSI; vol.1 aHeliosphere aInterstellar medium aSolar activity aLallement, R., ed. aLee, M. A., ed. aVon Steiger, R., ed.